| 000 | 00426nam a2200133Ia 4500 | ||
|---|---|---|---|
| 008 | 220216s9999 xx 000 0 und d | ||
| 100 | _aChai L P | ||
| 245 | 0 | _aEpoxidised natural rubber in tubeless tyre inner liners | |
| 260 | _bProceedings of the International Rubber Conference, Kuala Lumpur, Malaysia, V.2. 1985; p312-335 | ||
| 650 | _aEpoxidised natural rubber | ||
| 650 | _aTyre | ||
| 700 | _aSang S T M | ||
| 942 | _cJS | ||
| 999 |
_c58736 _d58736 |
||